Online katalóg knižníc regiónu Turca

Lesk a pád Florencie (Record no. 21106)

MARC details
000 -LEADER
fixed length control field 00907nam a2200289 a 4500
001 - CONTROL NUMBER
control field 21106
003 - CONTROL NUMBER IDENTIFIER
control field VRT
005 - DATE AND TIME OF LATEST TRANSACTION
control field 20260213140311.0
008 - FIXED-LENGTH DATA ELEMENTS--GENERAL INFORMATION
fixed length control field 240126e1968 xo g slo c
035 ## - SYSTEM CONTROL NUMBER
System control number TNKK021505
039 #9 - LEVEL OF BIBLIOGRAPHIC CONTROL AND CODING DETAIL [OBSOLETE]
Level of rules in bibliographic description 202401261537
Level of effort used to assign nonsubject heading access points VLOAD
Level of effort used to assign subject headings 202205111928
Level of effort used to assign classification AUTHORITY
Level of effort used to assign subject headings 201807031252
Level of effort used to assign classification AUTHORITY
Level of effort used to assign subject headings 201611301056
Level of effort used to assign classification mbpksh04
040 ## - CATALOGING SOURCE
Original cataloging agency TTKJF
Language of cataloging slo
Transcribing agency TTKJF
Description conventions AACR2
041 1# - LANGUAGE CODE
Language code of text/sound track or separate title slo
044 ## - COUNTRY OF PUBLISHING/PRODUCING ENTITY CODE
MARC country code xo
ISO country code SK
100 1# - MAIN ENTRY--PERSONAL NAME
Personal name D'azeglio, Massimo
245 10 - TITLE STATEMENT
Title Lesk a pád Florencie
Statement of responsibility, etc. Massimo D'azeglio ; Z tal. orig. prel. Mikuláš Pažitka
250 ## - EDITION STATEMENT
Edition statement 1. vyd.
260 ## - PUBLICATION, DISTRIBUTION, ETC.
Place of publication, distribution, etc. Bratislava
Name of publisher, distributor, etc. Slovenský spisovateľ
Date of publication, distribution, etc. 1968
300 ## - PHYSICAL DESCRIPTION
Extent 574 s.
490 1# - SERIES STATEMENT
Series statement SPKK
Volume/sequential designation Zv. 235
700 1# - ADDED ENTRY--PERSONAL NAME
Personal name Pažitka, Mikuláš,
Dates associated with a name 1918-2004
Relationship aut
830 #0 - SERIES ADDED ENTRY--UNIFORM TITLE
Uniform title Spoločnosť priateľov krásnych kníh
Volume/sequential designation Zv. 235
910 ## - USER-OPTION DATA (OCLC)
User-option data ttkjf
910 ## - USER-OPTION DATA (OCLC)
User-option data bpksh
942 ## - ADDED ENTRY ELEMENTS (KOHA)
Source of classification or shelving scheme Dewey Decimal Classification
Koha item type Krásna literatúra pre dospelých
Suppress in OPAC No
949 ## - LOCAL PROCESSING INFORMATION (OCLC)
6 3869A18220
a bpksh821.131.1-31
b bpksh68655
Holdings
Stav vyradenia Strata Poškodenie Spôsob nadobudnutia Domovská knižnica Aktuálna knižnica Dátum nadobudnutia Total checkouts Čiarový kód exemplára Date last seen Typ exemplára
      Dar Obecná knižnica Horná Štubňa Obecná knižnica Horná Štubňa 13.02.2026   4736201286 13.02.2026 Krásna literatúra pre dospelých
Projekt je podporený Slovenskou asociáciou knižníc
Prevádzkuje Turčianska knižnica Martin 2026